High School English Grammar and Composition (Record no. 62612)
[ view plain ]
| 000 -LEADER | |
|---|---|
| fixed length control field | 00492nam a22001817a 4500 |
| 003 - CONTROL NUMBER IDENTIFIER | |
| control field | NUST - PNEC |
| 005 - DATE AND TIME OF LATEST TRANSACTION | |
| control field | 20190110102558.0 |
| 008 - FIXED-LENGTH DATA ELEMENTS--GENERAL INFORMATION | |
| fixed length control field | 150313b xxu||||| |||| 00| 0 eng d |
| 020 ## - INTERNATIONAL STANDARD BOOK NUMBER | |
| International Standard Book Number | 9789694946719 |
| 038 ## - RECORD CONTENT LICENSOR | |
| Staff Name | waseem |
| 040 ## - CATALOGING SOURCE | |
| Transcribing agency | LIBRARY |
| 082 ## - DEWEY DECIMAL CLASSIFICATION NUMBER | |
| Classification number | 425 WRE |
| 245 ## - TITLE STATEMENT | |
| Title | High School English Grammar and Composition |
| Statement of responsibility, etc. | P.C.Wren, H. Martin |
| 260 ## - PUBLICATION, DISTRIBUTION, ETC. | |
| Place of publication, distribution, etc. | New Delhi |
| Name of publisher, distributor, etc. | S.Chand & Company |
| Date of publication, distribution, etc. | c2007 |
| 300 ## - PHYSICAL DESCRIPTION | |
| Extent | 376 p. : |
| 650 ## - SUBJECT ADDED ENTRY--TOPICAL TERM | |
| Topical term or geographic name entry element | English Grammar |
| General subdivision | General |
| 9 (RLIN) | 13039 |
| 942 ## - ADDED ENTRY ELEMENTS (KOHA) | |
| Source of classification or shelving scheme | |
| Koha item type | Book |
| Withdrawn status | Lost status | Source of classification or shelving scheme | Damaged status | Not for loan | Permanent Location | Current Location | Shelving location | Date acquired | Source of acquisition | Cost, normal purchase price | Total Checkouts | Full call number | Barcode | Date last seen | Date last checked out | Cost, replacement price | Price effective from | Koha item type | Collection code |
|---|---|---|---|---|---|---|---|---|---|---|---|---|---|---|---|---|---|---|---|
| Central Library (CL) | Central Library (CL) | Book Cart | 01/10/2019 | Donation | 5 | 425 WRE | CL-D-294 | 08/18/2025 | 06/28/2024 | 01/10/2019 | Book | ||||||||
| Pakistan Navy Engineering College (PNEC) | Pakistan Navy Engineering College (PNEC) | 02/20/2015 | Donated | 0.00 | 1 | 425 WRE | PNECLIB-032001 | 03/01/2016 | 03/01/2016 | 0.00 | Book |
